000 00527nas a22001697a 4500
008 130419t20109999ag ||||| |||| 00| 0 spa d
245 _aColeccion Trabajos Distinguidos
260 _aBuenos Aires,
_bSociedad Iberoamericana de Informacion Cientifica:
_c2010
300 _av. :
440 _aNeurologia
_92032
546 _aespaƱol
590 _aIndizada en: SIIC Data Bases
590 _aExistencias: 2010 1(1,2)
650 _aNEUROLOGIA
_91941
856 _uhttp://www.siicsalud.com/lmr/siicdatabases.php
942 _2ddc
_cCR
999 _c1322
_d1322